[Event "Tournoi Skype 019A"]
[Site "Skype"]
[Date "????.??.??"]
[Round "1.1"]
[White "Acikgoz, Tuncay"]
[Black "Hervais, Adrien"]
[Result "0-1"]
[WhiteElo "1617"]
[BlackElo "2124"]
[PlyCount "80"]

1. d4 d5 2. c4 dxc4 3. Nc3 c6 4. a4 Nf6 5. e3 Be6 6. Nf3 h6 7. Ne5 Nd5 8. Nxc4
g6 9. Bd3 Bg7 10. O-O O-O 11. Nd2 Nc7 12. f4 Bxd4 13. Nde4 Bg7 14. Qc2 Nba6 15.
Qe2 Qc8 16. h3 Nb4 17. Bb1 Ncd5 18. Bd2 b6 19. Ng3 Nxc3 20. Bxc3 Nd5 21. Bxg7
Kxg7 22. f5 Bd7 23. e4 Nc7 24. Qg4 e5 25. Nh5+ Kh8 26. Nf6 Qd8 27. Nxd7 Qxd7
28. Qh4 Kg7 29. Qg4 Qd4+ 30. Kh1 Rad8 31. h4 Qd2 32. Ba2 h5 33. Qg3 Qxb2 34.
Bxf7 Rxf7 35. Qxg6+ Kf8 36. Qxh5 Rd6 37. f6 Rdxf6 38. Rxf6 Rxf6 39. Rd1 Ke7 40.
Qh7+ Rf7 0-1

[Event "Tournoi Skype 019A"]
[Site "Skype"]
[Date "????.??.??"]
[Round "1.3"]
[White "Sepulveda, Lyda Marcela"]
[Black "Ibarra Cantu, Raul Alberto"]
[Result "0-1"]
[WhiteElo "1612"]
[BlackElo "2097"]
[PlyCount "72"]

1. e4 c5 2. Nf3 d6 3. d4 cxd4 4. Nxd4 Nf6 5. Nc3 a6 6. Be2 e5 7. Nb3 Be7 8. O-O
O-O 9. Be3 Be6 10. Qd2 Qc7 11. f4 Nbd7 12. f5 Bc4 13. Rad1 Bxe2 14. Qxe2 Nc5
15. Nd2 b5 16. g4 b4 17. Nd5 Nxd5 18. exd5 Na4 19. Ne4 f6 20. Bc1 Rfc8 21. Rf2
Nb6 22. g5 Qc4 23. Rd3 Nxd5 24. gxf6 Nxf6 25. b3 Qxe4 26. Re3 Qg4+ 27. Rg3 Qxe2
28. Rxe2 Rc3 29. Rgg2 a5 30. Bh6 Bf8 31. Bg5 Kf7 32. h4 Rf3 33. Bxf6 gxf6 34.
Rg4 Bh6 35. Kg2 Rxf5 36. Kh3 Rc8 0-1

[Event "Tournoi Skype 019A"]
[Site "Skype"]
[Date "????.??.??"]
[Round "1.4"]
[White "Martine, Jean-Christophe"]
[Black "Yeter, Orhan"]
[Result "1-0"]
[WhiteElo "2056"]
[BlackElo "1612"]
[PlyCount "89"]

1. d4 Nf6 2. Nd2 e6 3. e4 Bb4 4. c3 Be7 5. Bd3 d6 6. Ngf3 b6 7. O-O Bb7 8. Re1
O-O 9. Nf1 Nbd7 10. Ng3 c5 11. h3 Rc8 12. Be3 Qc7 13. Rc1 d5 14. e5 Ne4 15. Bb1
c4 16. Nxe4 dxe4 17. Ng5 Bxg5 18. Bxg5 f6 19. exf6 Nxf6 20. Bxf6 Rxf6 21. Bxe4
Rcf8 22. Bxb7 Qxb7 23. f3 Rg6 24. Re4 Qf7 25. Kh1 Qf5 26. Qe2 Qg5 27. Re1 b5
28. Rxe6 Rxe6 29. Qxe6+ Kh8 30. Qf7 Qd8 31. Qxa7 Re8 32. Re4 h6 33. Qf7 Rf8 34.
Qb7 Qg5 35. Rg4 Qc1+ 36. Kh2 g5 37. Qxb5 Rf4 38. Qe5+ Kh7 39. Rxf4 gxf4 40. d5
Qxb2 41. d6 Qd2 42. Qe7+ Kg6 43. Qe6+ Kh7 44. d7 Qf2 45. Qf7+ 1-0

[Event "Tournoi Skype 019A"]
[Site "Skype"]
[Date "????.??.??"]
[Round "1.6"]
[White "Deville, Olivier"]
[Black "Minhas, Sandeep"]
[Result "1-0"]
[WhiteElo "2032"]
[BlackElo "1602"]
[PlyCount "81"]

1. c4 e5 2. Nc3 Nf6 3. Nf3 Nc6 4. e3 d5 5. cxd5 Nxd5 6. Bb5 Nde7 7. Nxe5 a6 8.
Qf3 Be6 9. Nxc6 Nxc6 10. Bxc6+ bxc6 11. Qxc6+ Bd7 12. Qe4+ Be7 13. Nd5 Bc6 14.
Qxe7+ Qxe7 15. Nxe7 Kxe7 16. O-O Rhe8 17. d4 Rad8 18. Bd2 Kf8 19. Rfc1 Be4 20.
Rxc7 Rc8 21. Rac1 Rxc7 22. Rxc7 Bf5 23. Bb4+ Kg8 24. Kf1 Rc8 25. Rxc8+ Bxc8 26.
Ke2 g6 27. Kd3 Kg7 28. Kc4 Be6+ 29. d5 Bd7 30. Kc5 Kf6 31. Kd6 Bb5 32. Kc7 Ke5
33. d6 Ke6 34. b3 h5 35. a4 Bd7 36. Kb7 a5 37. Ba3 Kd5 38. Kb6 Ke6 39. Kxa5 Bc6
40. Kb6 Bxg2 41. Kc7 1-0

[Event "Tournoi Skype 019A"]
[Site "Skype"]
[Date "????.??.??"]
[Round "1.7"]
[White "Carballo, Jorge"]
[Black "Hilton, Stephen"]
[Result "0-1"]
[WhiteElo "1599"]
[BlackElo "1926"]
[PlyCount "58"]

1. d4 Nf6 2. Nf3 g6 3. c4 Bg7 4. Nc3 d5 5. e3 O-O 6. Bd3 c5 7. O-O cxd4 8. exd4
Nc6 9. Re1 Bg4 10. cxd5 Nxd5 11. Nxd5 Qxd5 12. Be4 Qd6 13. Bxc6 bxc6 14. b3
Rfd8 15. Be3 Rd7 16. h3 Bxf3 17. Qxf3 Rad8 18. Rad1 c5 19. Bf4 Qf6 20. Be3 Qxf3
21. gxf3 a5 22. a3 cxd4 23. Bd2 Ra8 24. Bg5 f6 25. Bd2 e5 26. b4 axb4 27. Bxb4
Rb7 28. Bd6 Rd8 29. Rd3 Rxd6 0-1

[Event "Tournoi Skype 019A"]
[Site "Skype"]
[Date "????.??.??"]
[Round "1.8"]
[White "Loayza, Juan Antonio"]
[Black "Gharbi, Said"]
[Result "1-0"]
[WhiteElo "1918"]
[BlackElo "1597"]
[PlyCount "35"]

1. e4 e5 2. Nf3 Nc6 3. Bc4 Bc5 4. c3 a5 5. d4 exd4 6. cxd4 Bb6 7. O-O Nge7 8.
d5 Na7 9. Bg5 h6 10. Bh4 d6 11. Nd4 c5 12. Nf5 Bxf5 13. exf5 O-O 14. f6 gxf6
15. Bxf6 Qd7 16. Qh5 Qf5 17. Qxh6 Ng6 18. Qg7# 1-0

[Event "Tournoi Skype 019A"]
[Site "Skype"]
[Date "????.??.??"]
[Round "1.9"]
[White "Sierra, Henry Alberto"]
[Black "Rico Hernandez, Edgar"]
[Result "1/2-1/2"]
[WhiteElo "1595"]
[BlackElo "1889"]
[PlyCount "44"]

1. d4 d5 2. c4 e6 3. Nc3 Nf6 4. Bg5 Nbd7 5. Nf3 Be7 6. e3 c6 7. Bd3 O-O 8. O-O
dxc4 9. Bxc4 Nd5 10. Bxe7 Qxe7 11. Rc1 Nxc3 12. Rxc3 e5 13. dxe5 Nxe5 14. Nxe5
Qxe5 15. f4 Qf6 16. e4 Be6 17. e5 Qe7 18. Bxe6 Qxe6 19. Qb3 Qe7 20. Rd3 Kh8 21.
Rfd1 Qc5+ 22. Kh1 b6 1/2-1/2

[Event "Tournoi Skype 019A"]
[Site "Skype"]
[Date "????.??.??"]
[Round "1.11"]
[White "Aranzubia, Desiderio"]
[Black "Legueltel, Daniel"]
[Result "0-1"]
[WhiteElo "1591"]
[BlackElo "1842"]
[PlyCount "32"]

1. d4 Nf6 2. c4 e6 3. Nc3 d5 4. cxd5 exd5 5. a3 c6 6. h3 Nbd7 7. Bg5 h6 8. Bf4
Be7 9. Nf3 Nf8 10. Ne5 Ne6 11. Bg3 Nxd4 12. Qxd4 O-O 13. e3 Be6 14. f4 c5 15.
Qd2 Qb6 16. Nxd5 Bxd5 0-1

[Event "Tournoi Skype 019A"]
[Site "Skype"]
[Date "????.??.??"]
[Round "1.12"]
[White "Dal, Ibrahim"]
[Black "Couto, Januario"]
[Result "1-0"]
[WhiteElo "1840"]
[BlackElo "1591"]
[PlyCount "53"]

1. d4 f5 2. Nf3 Nf6 3. c4 g6 4. Nc3 Bg7 5. g3 d6 6. Bg2 O-O 7. O-O Nbd7 8. Qc2
e5 9. dxe5 Nxe5 10. Nxe5 dxe5 11. Rd1 Qe8 12. Nb5 Qe7 13. b3 a6 14. Ba3 c5 15.
Nd6 Qc7 16. Nxc8 Raxc8 17. Bd5+ Nxd5 18. Rxd5 b6 19. Rad1 Rfd8 20. Qd2 Bf6 21.
Bb2 Kf7 22. Rd7+ Rxd7 23. Qxd7+ Qxd7 24. Rxd7+ Kg8 25. Rd6 Bd8 26. Bxe5 Bc7 27.
Rc6 1-0

[Event "Tournoi Skype 019A"]
[Site "Skype"]
[Date "????.??.??"]
[Round "1.13"]
[White "Aceituno, Stebe"]
[Black "Jacquelin, Norbert"]
[Result "0-1"]
[WhiteElo "1586"]
[BlackElo "1839"]
[PlyCount "86"]

1. e4 e5 2. Nf3 Nf6 3. Nc3 Nc6 4. d4 exd4 5. Nxd4 Bb4 6. Bg5 O-O 7. Bc4 Qe7 8.
O-O Bxc3 9. Nxc6 bxc6 10. bxc3 Qc5 11. Qe2 Qxg5 12. Qf3 d5 13. exd5 Bg4 14. Qg3
Ne4 15. Qe3 Qxe3 16. fxe3 Nd2 17. Rf4 Nxc4 18. Rxc4 Bd7 19. dxc6 Be6 20. Rd4
Rfb8 21. Rb4 a5 22. Rb7 Rxb7 23. cxb7 Rb8 24. Rb1 Kf8 25. a3 Bd5 26. Rb5 Bxb7
27. c4 c6 28. Rxa5 Bc8 29. Ra7 Bf5 30. c3 Be4 31. a4 Rb1+ 32. Kf2 Rb2+ 33. Kg3
Rxg2+ 34. Kf4 Bd3 35. c5 f6 36. a5 Ra2 37. Rc7 Rxa5 38. Rxc6 Ra4+ 39. Kg3 Rc4
40. Rc8+ Kf7 41. c6 Kg6 42. c7 Bf5 43. Kf2 Bxc8 0-1

[Event "Tournoi Skype 019A"]
[Site "Skype"]
[Date "????.??.??"]
[Round "1.14"]
[White "Segura Lozano, Marcos Antonio"]
[Black "Saponara, Jose Maria"]
[Result "1-0"]
[WhiteElo "1788"]
[BlackElo "1583"]
[PlyCount "93"]

1. d4 d5 2. Nf3 Nf6 3. g3 g6 4. Bg2 Bg7 5. O-O O-O 6. e3 c6 7. c4 Nbd7 8. cxd5
cxd5 9. Nc3 Rb8 10. Qc2 Qc7 11. Nd2 b5 12. Qd3 Qb7 13. e4 e5 14. exd5 exd4 15.
Qxd4 Re8 16. Nb3 Qb6 17. Qxb6 Nxb6 18. Bf4 Rb7 19. d6 Rd7 20. Nc5 Ng4 21. Nxd7
Bxd7 22. Rfe1 Nc4 23. Rxe8+ Bxe8 24. Re1 Kf8 25. h3 Nxb2 26. Nd5 Nd3 27. Rxe8+
Kxe8 28. hxg4 Nxf4 29. gxf4 Kd7 30. Nc7 b4 31. Na6 Bc3 32. Bd5 f6 33. Bg8 h6
34. Bh7 g5 35. fxg5 hxg5 36. Nc5+ Kxd6 37. Ne4+ Kd5 38. Nxc3+ bxc3 39. Kf1 Ke5
40. Ke2 Kf4 41. f3 a6 42. Be4 a5 43. Kd3 Ke5 44. Kxc3 f5 45. gxf5 g4 46. fxg4
Kxe4 47. f6 1-0

[Event "Tournoi Skype 019A"]
[Site "Skype"]
[Date "????.??.??"]
[Round "1.15"]
[White "Farthouat, Titoine"]
[Black "Engstrom, Olle"]
[Result "0-1"]
[WhiteElo "1569"]
[BlackElo "1759"]
[PlyCount "94"]

1. e4 c5 2. c4 Nc6 3. g3 g6 4. Bg2 Bg7 5. f4 d6 6. Ne2 e5 7. O-O Nge7 8. Nbc3
O-O 9. h3 f5 10. d3 Be6 11. b3 Qd7 12. Kh2 Kh8 13. Bb2 Nd4 14. Ng1 Nec6 15. Nf3
exf4 16. gxf4 fxe4 17. Nxe4 Rxf4 18. Nxd4 Rxf1 19. Qxf1 Nxd4 20. Bxd4 Bxd4 21.
Re1 Kg7 22. Ng3 Rf8 23. Qe2 Be5 24. Rf1 Rxf1 25. Qxf1 b5 26. Qf3 bxc4 27. dxc4
Qf7 28. Qxf7+ Kxf7 29. a3 a5 30. a4 Bf5 31. Bd5+ Kf6 32. Kg2 Bxg3 33. Kxg3 Ke5
34. Bg8 h6 35. h4 Bc2 36. Bh7 Bxb3 37. Bxg6 Bxc4 38. Bc2 d5 39. Kf3 d4 40. h5
d3 41. Bd1 Kd4 42. Kf2 d2 43. Be2 Bxe2 44. Kxe2 Kc3 45. Kd1 c4 46. Ke2 Kc2 47.
Ke3 d1=Q 0-1

[Event "Tournoi Skype 019A"]
[Site "Skype"]
[Date "????.??.??"]
[Round "1.16"]
[White "Ricieri, Vinicius"]
[Black "Rugman, Dan"]
[Result "1-0"]
[WhiteElo "1738"]
[BlackElo "1561"]
[PlyCount "59"]

1. e4 c5 2. Nf3 d6 3. d4 cxd4 4. Nxd4 Nf6 5. Nc3 g6 6. f3 Bg7 7. Be3 Nc6 8. Qd2
Bd7 9. Bc4 O-O 10. O-O-O Rc8 11. Bb3 Ne5 12. h4 Nc4 13. Bxc4 Rxc4 14. g4 h5 15.
g5 Ne8 16. Nde2 Nc7 17. Bxa7 Nb5 18. Nxb5 Bxb5 19. Bd4 Bxd4 20. Nxd4 Bd7 21. f4
Qa8 22. Kb1 b5 23. b3 Rc7 24. Rhe1 Qa3 25. f5 Ra8 26. c3 Qc5 27. fxg6 fxg6 28.
Rc1 Qe5 29. Nf3 Qg3 30. Qd5+ 1-0

[Event "Tournoi Skype 019A"]
[Site "Skype"]
[Date "????.??.??"]
[Round "1.17"]
[White "Bendre, Pankaj"]
[Black "Thoune, Jim"]
[Result "*"]
[WhiteElo "1543"]
[BlackElo "1733"]
[PlyCount "106"]

1. e4 c5 2. Nf3 d6 3. c3 Nc6 4. d4 cxd4 5. cxd4 e6 6. Be3 Nf6 7. Nc3 a6 8. Be2
g6 9. O-O Bg7 10. d5 exd5 11. exd5 Ne7 12. Qd2 O-O 13. Bc4 b5 14. Bb3 Bg4 15.
Ne1 Re8 16. f3 Bf5 17. Nd3 Bxd3 18. Qxd3 Nf5 19. Bg5 Qb6+ 20. Kh1 Nd7 21. Qd2
h6 22. g4 Ne3 23. Bxe3 Rxe3 24. Ne4 Bf8 25. Rac1 Ne5 26. Rc6 Nxc6 27. dxc6 Rxb3
28. axb3 Qxc6 29. Nf6+ Kh8 30. Nd5 Bg7 31. Rc1 Qb7 32. Rc7 Qb8 33. Rxf7 Ra7 34.
Rf4 Qd8 35. Qc2 g5 36. Rf5 Qd7 37. Nf6 Qc7 38. Qd3 Qc1+ 39. Kg2 Qxb2+ 40. Kh1
Bxf6 41. Qxd6 Qc1+ 42. Kg2 Qc2+ 43. Kh1 Qb1+ 44. Kg2 Qb2+ 45. Kh3 Kg7 46. Qb6
Qd4 47. Qc6 Qd3 48. Qxf6+ Kh7 49. Qf8 Qf1+ 50. Kg3 Qe1+ 51. Kg2 Qe2+ 52. Kg1
Qe1+ 53. Kg2 Qe2+ *

[Event "Tournoi Skype 019A"]
[Site "Skype"]
[Date "????.??.??"]
[Round "1.18"]
[White "Mulrooney, Justin"]
[Black "Le Brun, Yves"]
[Result "0-1"]
[WhiteElo "1729"]
[BlackElo "1532"]
[PlyCount "20"]

1. d4 Nf6 2. c4 g6 3. Nf3 Bg7 4. Nc3 O-O 5. e4 d6 6. Bd3 h6 7. Be3 Kh7 8. Qd2
Nc6 9. Bxh6 Bxh6 10. Qxh6+ Kxh6 0-1

[Event "Tournoi Skype 019A"]
[Site "Skype"]
[Date "????.??.??"]
[Round "1.19"]
[White "Mitrani, Alberto"]
[Black "Murgia, Stefano"]
[Result "0-1"]
[WhiteElo "1522"]
[BlackElo "1705"]
[PlyCount "46"]

1. c4 f5 2. g3 Nf6 3. Bg2 g6 4. Nc3 Bg7 5. d3 d6 6. Nf3 e5 7. O-O O-O 8. e4 Nc6
9. Rb1 f4 10. h3 Nh5 11. g4 Nf6 12. b4 g5 13. Nxg5 Nxg4 14. Nf3 Nh6 15. b5 Ne7
16. Qb3 Kh8 17. c5 Ng6 18. c6 bxc6 19. bxc6 Nh4 20. Kh2 Nxf3+ 21. Bxf3 Qh4 22.
Kg1 Bxh3 23. Re1 Rg8 0-1

[Event "Tournoi Skype 019A"]
[Site "Skype"]
[Date "????.??.??"]
[Round "1.20"]
[White "Casey, Eamonn"]
[Black "L'Herbon De Lussats, Jean"]
[Result "1-0"]
[WhiteElo "1703"]
[BlackElo "1515"]
[PlyCount "69"]

1. d4 Nf6 2. c4 g6 3. Nc3 Bg7 4. e4 O-O 5. e5 Ne8 6. Be2 a6 7. Nf3 b5 8. cxb5
Bb7 9. O-O d6 10. Bf4 Nd7 11. bxa6 Bxa6 12. Bxa6 Rxa6 13. Qc1 c5 14. exd6 exd6
15. dxc5 Nxc5 16. Rd1 Qe7 17. Nd5 Qb7 18. Nc3 Ne4 19. Bh6 f5 20. Bxg7 Nxg7 21.
Nd5 Rc8 22. Ne7+ Qxe7 23. Qxc8+ Ne8 24. Qxa6 Qf6 25. Qc4+ Kf8 26. Qd4 Qe6 27.
Qh8+ Ke7 28. Qxh7+ Kd8 29. Qh4+ Kd7 30. Nd4 Qc4 31. Rac1 Qxa2 32. Qh7+ Kd8 33.
Nc6+ Kc8 34. Na7+ Kd8 35. Rc8# 1-0

[Event "Tournoi Skype 019A"]
[Site "Skype"]
[Date "????.??.??"]
[Round "1.21"]
[White "Galani, Mahendra"]
[Black "Joshi, Aryan"]
[Result "0-1"]
[WhiteElo "1487"]
[BlackElo "1697"]
[PlyCount "68"]

1. Nc3 d5 2. d4 e6 3. Nb5 c6 4. Na3 Bd6 5. Nf3 f5 6. Bg5 Nf6 7. Ne5 O-O 8. e3
Qa5+ 9. c3 Bxa3 10. bxa3 Qxc3+ 11. Ke2 Ne4 12. Rc1 Qxa3 13. Qc2 Nxg5 14. Nf3
Nxf3 15. gxf3 Qd6 16. f4 b6 17. Ke1 Bb7 18. Rg1 Nd7 19. f3 Rac8 20. Qg2 Qe7 21.
Qg3 c5 22. dxc5 Nxc5 23. Rd1 Na4 24. Bh3 Qb4+ 25. Kf1 Ba6+ 26. Kg2 Qb2+ 27. Kh1
Rc2 28. Rb1 Qf6 29. e4 Nc3 30. Qg5 Qxg5 31. fxg5 Nxb1 32. Rxb1 dxe4 33. fxe4
Bb7 34. Re1 Bxe4+ 0-1

[Event "Tournoi Skype 019A"]
[Site "Skype"]
[Date "????.??.??"]
[Round "1.22"]
[White "Karia, Vijay"]
[Black "Cossalter, Maurizio"]
[Result "1-0"]
[WhiteElo "1671"]
[BlackElo "1455"]
[PlyCount "41"]

1. e4 e5 2. Bc4 Nc6 3. Nc3 Nf6 4. d3 Be7 5. f4 exf4 6. Bxf4 O-O 7. Nf3 d6 8.
O-O Be6 9. Bxe6 fxe6 10. Ng5 e5 11. Ne6 Qc8 12. Nxf8 exf4 13. Nxh7 Nxh7 14.
Rxf4 Bg5 15. Rf3 Ne7 16. Rh3 Qe8 17. Qg4 Qf7 18. Nb5 Qg6 19. Kh1 Nf6 20. Qe6+
Qf7 21. Rh8+ 1-0

[Event "Tournoi Skype 019A"]
[Site "Skype"]
[Date "????.??.??"]
[Round "1.23"]
[White "Hague, Mark"]
[Black "Sauvaget, Joel"]
[Result "1-0"]
[WhiteElo "1453"]
[BlackElo "1658"]
[PlyCount "117"]

1. d4 d5 2. e3 Nf6 3. Bd3 Nc6 4. a3 e6 5. f4 Be7 6. Nf3 O-O 7. O-O h6 8. Ne5
Bd7 9. Nd2 Nxe5 10. fxe5 Ne8 11. b3 f5 12. Rf3 Bg5 13. Rh3 c6 14. Nf3 Nc7 15.
Nxg5 Qxg5 16. Rg3 Qe7 17. Be2 Be8 18. e4 f4 19. Rh3 Kh7 20. exd5 Nxd5 21. Bd2
Bg6 22. c4 Ne3 23. Bxe3 fxe3 24. Rxe3 Rf4 25. g3 Rf7 26. Bd3 Raf8 27. Bxg6+
Kxg6 28. Qd3+ Kg5 29. h4+ Kh5 30. Qe2+ Kg6 31. Qd3+ Kh5 32. g4+ Kxg4 33. Rg3+
Kh5 34. Qe2+ Rf3 35. Rxf3 Rxf3 36. Qxf3+ Kxh4 37. Qf4+ Kh5 38. Kg2 Kg6 39. Qe4+
Kf7 40. Rf1+ Kg8 41. Qg6 a6 42. Rh1 Kh8 43. Kg3 Qxa3 44. Qe8+ Kh7 45. Qxe6
Qxb3+ 46. Kf4 Qd3 47. Qf5+ Qxf5+ 48. Kxf5 b5 49. cxb5 cxb5 50. e6 Kg8 51. Re1
Kf8 52. d5 b4 53. d6 b3 54. Rb1 a5 55. Rxb3 a4 56. Ra3 h5 57. Kg6 h4 58. Rxa4
h3 59. Ra8# 1-0

[Event "Tournoi Skype 019A"]
[Site "Skype"]
[Date "????.??.??"]
[Round "1.24"]
[White "Alvarez, Rafael Andres"]
[Black "Meaney, Mike"]
[Result "0-1"]
[WhiteElo "1618"]
[BlackElo "1430"]
[PlyCount "44"]

1. d4 e6 2. Nf3 d5 3. Bf4 c6 4. e3 Nf6 5. Nbd2 Bd6 6. Ne5 Bxe5 7. dxe5 Nfd7 8.
Bd3 Nc5 9. Be2 Qe7 10. b4 Ncd7 11. a3 Nf8 12. h4 Ng6 13. Bg5 Qc7 14. f4 h6 15.
h5 hxg5 16. hxg6 Rxh1+ 17. Bf1 gxf4 18. gxf7+ Qxf7 19. exf4 Qxf4 20. Nf3 Qg3+
21. Ke2 b6 22. Qd4 Ba6+ 0-1

[Event "Tournoi Skype 019A"]
[Site "Skype"]
[Date "????.??.??"]
[Round "2.1"]
[White "Hervais, Adrien"]
[Black "Segura Lozano, Marcos Antonio"]
[Result "1-0"]
[WhiteElo "2124"]
[BlackElo "1788"]
[PlyCount "63"]

1. e4 d5 2. Nc3 d4 3. Nce2 e5 4. f4 Bg4 5. fxe5 Nc6 6. d3 Nxe5 7. Bf4 Bb4+ 8.
Bd2 a5 9. a3 Bd6 10. Qc1 Ng6 11. g3 c5 12. Bg2 Qf6 13. Bg5 Qe6 14. Nf4 Nxf4 15.
Bxf4 Nf6 16. Nf3 Bxf3 17. Bxf3 O-O 18. O-O Be5 19. Qd2 Rfc8 20. Bg2 Rc6 21.
Bxe5 Qxe5 22. Rf5 Qe6 23. Raf1 Ng4 24. Rxf7 Ne3 25. R1f2 Qxf7 26. Rxf7 Kxf7 27.
e5 Rc7 28. Be4 g6 29. Qf2+ Ke8 30. e6 Ra6 31. Qf6 Rd6 32. Qh8+ 1-0

[Event "Tournoi Skype 019A"]
[Site "Skype"]
[Date "????.??.??"]
[Round "2.3"]
[White "Ibarra Cantu, Raul Alberto"]
[Black "Ricieri, Vinicius"]
[Result "1-0"]
[WhiteElo "2097"]
[BlackElo "1738"]
[PlyCount "63"]

1. e4 c5 2. Nf3 g6 3. c4 Bg7 4. d4 cxd4 5. Nxd4 Nc6 6. Be3 Nf6 7. Nc3 O-O 8.
Be2 d6 9. Qd2 Ng4 10. Bxg4 Bxg4 11. f3 Bd7 12. Rc1 Rc8 13. b3 f5 14. O-O f4 15.
Bf2 g5 16. Nxc6 Rxc6 17. Nd5 h5 18. Rfd1 Ra6 19. Rc2 Be5 20. Bd4 Bxd4+ 21. Qxd4
e5 22. Qd2 g4 23. Nb4 Rb6 24. c5 dxc5 25. Qxd7 Qxd7 26. Rxd7 cxb4 27. Rcc7 Rff6
28. Rc8+ Rf8 29. Rcc7 Rff6 30. Rg7+ Kf8 31. Rh7 Rh6 32. Rc8# 1-0

[Event "Tournoi Skype 019A"]
[Site "Skype"]
[Date "????.??.??"]
[Round "2.4"]
[White "Murgia, Stefano"]
[Black "Martine, Jean-Christophe"]
[Result "0-1"]
[WhiteElo "1705"]
[BlackElo "2056"]
[PlyCount "40"]

1. e4 d6 2. d4 Nf6 3. Nc3 c6 4. f4 Qa5 5. Bd3 e5 6. Bd2 exd4 7. Nb5 Qb6 8.
Nxd6+ Bxd6 9. e5 O-O 10. Nf3 Be7 11. Ng5 Bg4 12. Qc1 Nd5 13. h3 Bh5 14. f5 Ne3
15. f6 gxf6 16. Nxh7 fxe5 17. Bxe3 dxe3 18. c4 Bh4+ 19. g3 Bxg3+ 20. Kf1 e2+
0-1

[Event "Tournoi Skype 019A"]
[Site "Skype"]
[Date "????.??.??"]
[Round "2.5"]
[White "Benson, Paul"]
[Black "Casey, Eamonn"]
[Result "1-0"]
[WhiteElo "2040"]
[BlackElo "1703"]
[PlyCount "37"]

1. e4 e6 2. d4 d5 3. Nc3 Nf6 4. e5 Nfd7 5. Nf3 c5 6. dxc5 Bxc5 7. Bd3 Nc6 8.
Bf4 a6 9. O-O O-O 10. Bxh7+ Kxh7 11. Ng5+ Kg6 12. Qd3+ f5 13. Qg3 Qe8 14. Nxe6+
Kf7 15. Nc7 Qd8 16. Nxa8 Nd4 17. Nc7 Ne6 18. Nxe6 Kxe6 19. Qg6+ 1-0

[Event "Tournoi Skype 019A"]
[Site "Skype"]
[Date "????.??.??"]
[Round "2.6"]
[White "Joshi, Aryan"]
[Black "Deville, Olivier"]
[Result "1/2-1/2"]
[WhiteElo "1697"]
[BlackElo "2032"]
[PlyCount "46"]

1. d4 Nf6 2. Bg5 e6 3. e4 h6 4. Bxf6 Qxf6 5. Nf3 d6 6. Nc3 g6 7. Be2 Bg7 8. O-O
O-O 9. Qd2 Nd7 10. Rad1 c6 11. Bc4 b5 12. Bb3 a6 13. a3 Nb6 14. Qe2 Bb7 15.
Rfe1 Qe7 16. Qd3 Rfd8 17. Ba2 c5 18. Qe2 cxd4 19. Nxd4 Rac8 20. Rd3 Nc4 21.
Bxc4 Rxc4 22. Red1 Qc7 23. f3 Qb6 1/2-1/2

[Event "Tournoi Skype 019A"]
[Site "Skype"]
[Date "????.??.??"]
[Round "2.8"]
[White "Le Brun, Yves"]
[Black "Loayza, Juan Antonio"]
[Result "0-1"]
[WhiteElo "1532"]
[BlackElo "1918"]
[PlyCount "52"]

1. e4 c5 2. Nc3 Nc6 3. f4 d6 4. g3 Nf6 5. Nf3 g6 6. Bg2 Bg7 7. O-O O-O 8. h3
Nd4 9. d3 Bd7 10. Bd2 Rc8 11. Rc1 Ne8 12. Qe1 e5 13. Nd1 f5 14. fxe5 fxe4 15.
Qxe4 Bc6 16. Qe1 Nxf3+ 17. Bxf3 Bxf3 18. e6 Qe7 19. c3 Nc7 20. Rf2 Bxd1 21.
Rxd1 Rxf2 22. Qxf2 Qxe6 23. Re1 Qxh3 24. Re7 Rf8 25. Qg2 Qxg2+ 26. Kxg2 Rf7 0-1

[Event "Tournoi Skype 019A"]
[Site "Skype"]
[Date "????.??.??"]
[Round "2.9"]
[White "Legueltel, Daniel"]
[Black "Trivedi, Viral"]
[Result "1/2-1/2"]
[WhiteElo "1842"]
[BlackElo "1593"]
[PlyCount "50"]

1. e4 e5 2. Nf3 Nc6 3. Bc4 Nf6 4. Ng5 d5 5. exd5 Na5 6. Bb5+ Bd7 7. Qe2 Bd6 8.
d4 Bxb5 9. Qxb5+ c6 10. dxc6 bxc6 11. Qd3 h6 12. Ne4 Nxe4 13. Qxe4 O-O 14. Be3
exd4 15. Qxd4 Re8 16. O-O c5 17. Qg4 Qf6 18. Nc3 Qe5 19. g3 Qe6 20. Qxe6 Rxe6
21. Rad1 Nc4 22. Bc1 Rb8 23. b3 Ne5 24. Nd5 Nf3+ 25. Kg2 Nd4 1/2-1/2

[Event "Tournoi Skype 019A"]
[Site "Skype"]
[Date "????.??.??"]
[Round "2.10"]
[White "Meaney, Mike"]
[Black "Dal, Ibrahim"]
[Result "0-1"]
[WhiteElo "1430"]
[BlackElo "1840"]
[PlyCount "100"]

1. e4 c6 2. Nc3 d5 3. e5 Bf5 4. d4 e6 5. Bd3 Bxd3 6. Qxd3 Ne7 7. Bg5 Qb6 8. Rb1
Nf5 9. Nf3 h6 10. Bd2 Na6 11. Na4 Qc7 12. a3 Be7 13. h3 O-O 14. Nh2 c5 15. dxc5
Qxe5+ 16. Qe2 Qxe2+ 17. Kxe2 Nxc5 18. Nxc5 Bxc5 19. Nf3 Rfc8 20. g4 Ne7 21. c3
a5 22. g5 h5 23. Ne5 g6 24. Nd7 Nf5 25. b4 axb4 26. axb4 Ba7 27. Bf4 Rxc3 28.
Nf6+ Kg7 29. Be5 Rc2+ 30. Kd1 Rxf2 31. Ne4+ Kf8 32. Nxf2 Bxf2 33. Rc1 Ne3+ 34.
Ke2 Ra2+ 35. Kf3 Nc4 36. Bf6 Be3 37. Ra1 Rxa1 38. Rxa1 Ke8 39. Ra8+ Kd7 40.
Rd8+ Kc6 41. Rf8 Kb5 42. Rxf7 Bxg5 43. Bxg5 Ne5+ 44. Kf4 Nxf7 45. Bf6 Kxb4 46.
h4 Kc4 47. Ke3 e5 48. Kf3 d4 49. Ke4 b5 50. Be7 b4 0-1

[Event "Tournoi Skype 019A"]
[Site "Skype"]
[Date "????.??.??"]
[Round "2.11"]
[White "Jacquelin, Norbert"]
[Black "Hague, Mark"]
[Result "1-0"]
[WhiteElo "1839"]
[BlackElo "1453"]
[PlyCount "69"]

1. c4 f5 2. Nc3 Nf6 3. Nf3 g6 4. d4 Bg7 5. g3 O-O 6. Bg2 d6 7. d5 Nbd7 8. O-O
Nc5 9. Rb1 a5 10. Ng5 h6 11. Nh3 Bd7 12. Nf4 g5 13. Nd3 Nxd3 14. Qxd3 Qe8 15.
e4 e5 16. dxe6 fxe4 17. exd7 Qh5 18. Nxe4 Nxd7 19. f4 g4 20. Bd2 Nc5 21. Nxc5
Qxc5+ 22. Be3 Qb4 23. Bd5+ Kh8 24. Bd4 Bf6 25. a3 Qa4 26. Kh1 Qd7 27. Rbe1 Qg7
28. Bxf6 Rxf6 29. Re2 c6 30. Bg2 h5 31. Rfe1 Raf8 32. Re6 h4 33. Qxd6 hxg3 34.
hxg3 Qg6 35. Qxf8+ 1-0

[Event "Tournoi Skype 019A"]
[Site "Skype"]
[Date "????.??.??"]
[Round "2.12"]
[White "Rico Hernandez, Edgar"]
[Black "Bendre, Pankaj"]
[Result "1-0"]
[WhiteElo "1889"]
[BlackElo "1543"]
[PlyCount "67"]

1. d4 d5 2. c4 e6 3. Nf3 Nf6 4. Bg5 Nbd7 5. e3 c6 6. Nc3 Bb4 7. Qc2 Qc7 8. Bd3
h6 9. Bf4 Bd6 10. Bxd6 Qxd6 11. O-O O-O 12. Rac1 e5 13. cxd5 cxd5 14. dxe5 Nxe5
15. Nxe5 Qxe5 16. h3 a6 17. Ne2 Qg5 18. Kh1 Bd7 19. Nd4 Rac8 20. Qb3 Rb8 21.
Rc7 b5 22. Rfc1 Qh5 23. Kg1 Bxh3 24. gxh3 Qxh3 25. Bf5 Ng4 26. Bxg4 Qxg4+ 27.
Kf1 Qh3+ 28. Ke1 Qh1+ 29. Kd2 Qg2 30. Ke2 Rbe8 31. Qd3 Qg4+ 32. Nf3 Rd8 33. Qd4
Qe6 34. Rg1 1-0

[Event "Tournoi Skype 019A"]
[Site "Skype"]
[Date "????.??.??"]
[Round "2.13"]
[White "Thoune, Jim"]
[Black "Sierra, Henry Alberto"]
[Result "1-0"]
[WhiteElo "1733"]
[BlackElo "1595"]
[PlyCount "61"]

1. d4 Nf6 2. c4 e6 3. Nc3 d5 4. e3 c6 5. Nf3 Nbd7 6. cxd5 exd5 7. Bd3 Be7 8.
O-O O-O 9. h3 Re8 10. Ne5 Nxe5 11. dxe5 Nd7 12. f4 Nc5 13. Bc2 Ne6 14. Qd3 g6
15. Bd2 Ng7 16. Qe2 Nh5 17. Be1 Bh4 18. Rf3 Bxe1 19. Qxe1 d4 20. Rd1 c5 21. Ne2
Qb6 22. exd4 cxd4 23. Rb3 Qa6 24. Rxd4 Qxa2 25. g4 Ng7 26. Qd1 Qa5 27. Rd5 Qc7
28. Nc3 Be6 29. Kh2 Bxd5 30. Nxd5 Red8 31. Nxc7 1-0

[Event "Tournoi Skype 019A"]
[Site "Skype"]
[Date "????.??.??"]
[Round "2.14"]
[White "Gharbi, Said"]
[Black "Jaimes, Fredy"]
[Result "1/2-1/2"]
[WhiteElo "1597"]
[BlackElo "1865"]
[PlyCount "54"]

1. e4 e5 2. d4 exd4 3. c3 Nf6 4. Bg5 Be7 5. Bxf6 Bxf6 6. cxd4 d6 7. Bc4 O-O 8.
Nf3 Bg4 9. Nbd2 Bxd4 10. Qb3 Bb6 11. O-O Nc6 12. h3 Na5 13. Qc3 Nxc4 14. Qxc4
Be6 15. Qc3 d5 16. Qe5 h6 17. Rfd1 c6 18. Nc4 Bc7 19. Qh5 Qe7 20. exd5 cxd5 21.
Ne3 Rfd8 22. Nd4 Qf6 23. Nxe6 fxe6 24. b3 Rf8 25. Ng4 Qf5 26. Qh4 Bb6 27. Rd2
h5 1/2-1/2